| 000 | 00650nam a2200181 4500 | ||
|---|---|---|---|
| 008 | 171206b xxu||||| |||| 00| 0 eng d | ||
| 020 | _a0312037473 | ||
| 082 |
_21991 _aDC 341.7 _bK67w |
||
| 100 |
_924288 _a Klare, Michael T.,author. |
||
| 245 |
_aWorld security : _btrends and challenges at century's end / _cMichael T Klare, Daniel Charles Thomas. |
||
| 260 |
_aNew York : _bSt Martin's Press, _c©1991. |
||
| 300 |
_aXII-427 pages ; _c23 cm. |
||
| 650 | 0 |
_924291 _aSecurity, International. |
|
| 650 | 0 |
_924292 _aNuclear arms control. |
|
| 650 | 0 |
_924294 _aInternational relations. |
|
| 700 |
_924295 _aThomas, Daniel C.,author. |
||
| 942 |
_2ddc _cDC |
||
| 999 |
_c7918 _d7918 |
||